[Event "Irena Warakomska Memorial B"]
[Site "Suwalki"]
[Date "2020.08.08"]
[Round "3"]
[White "Cwiek, Ryszard"]
[Black "Sapinski, Sebastian"]
[Result "1-0"]
[Board "9"]
[WhiteElo "1867"]
[WhiteCountry "POL"]
[WhiteFideId "21840920"]
[WhiteEloChange "4"]
[BlackElo "1599"]
[BlackCountry "POL"]
[BlackFideId "21817340"]
[BlackEloChange "-4"]

1. e4 {[%clk 1:30:56]} e6 {[%clk 1:30:57]} 2. d4 {[%clk 1:31:01]} d5 {[%clk
1:31:23]} 3. Nd2 {[%clk 1:30:50]} dxe4 {[%clk 1:31:03]} 4. Nxe4 {[%clk 1:31:13]}
Bd7 {[%clk 1:31:30]} 5. Bd3 {[%clk 1:30:15]} Bc6 {[%clk 1:31:32]} 6. Ne2 {[%clk
1:29:38]} Bxe4 {[%clk 1:30:49]} 7. Bxe4 {[%clk 1:30:01]} c6 {[%clk 1:31:16]} 8.
g3 {[%clk 1:27:45]} Nf6 {[%clk 1:30:42]} 9. Bg2 {[%clk 1:28:03]} Nbd7 {[%clk
1:30:51]} 10. O-O {[%clk 1:27:01]} Qc7 {[%clk 1:29:26]} 11. a4 {[%clk 1:23:12]}
Rd8 {[%clk 1:28:19]} 12. c3 {[%clk 1:18:20]} Bd6 {[%clk 1:25:48]} 13. b4 {[%clk
1:13:27]} e5 {[%clk 1:24:07]} 14. Qb3 {[%clk 1:07:39]} O-O {[%clk 1:21:45]} 15.
Be3 {[%clk 1:03:02]} b6 {[%clk 1:19:40]} 16. Qc4 {[%clk 0:52:19]} Rc8 {[%clk
1:12:48]} 17. Rfd1 {[%clk 0:47:57]} Rfe8 {[%clk 1:05:35]} 18. d5 {[%clk 0:31:38]}
cxd5 {[%clk 0:56:32]} 19. Qxc7 {[%clk 0:31:59]} Bxc7 {[%clk 0:56:55]} 20. Bxd5
{[%clk 0:32:23]} Nxd5 {[%clk 0:57:18]} 21. Rxd5 {[%clk 0:32:51]} Nf6 {[%clk
0:57:36]} 22. Rdd1 {[%clk 0:32:30]} Red8 {[%clk 0:56:19]} 23. c4 {[%clk 0:22:06]}
Ng4 {[%clk 0:54:28]} 24. c5 {[%clk 0:14:36]} Nxe3 {[%clk 0:52:19]} 25. fxe3
{[%clk 0:15:05]} bxc5 {[%clk 0:52:33]} 26. bxc5 {[%clk 0:15:21]} Ba5 {[%clk
0:44:34]} 27. Rxd8+ {[%clk 0:14:21]} Rxd8 {[%clk 0:45:01]} 28. Kf2 {[%clk
0:13:48]} Rc8 {[%clk 0:43:48]} 29. Rb1 {[%clk 0:13:37]} f5 {[%clk 0:42:49]} 30.
Rb5 {[%clk 0:11:13]} Bc7 {[%clk 0:34:37]} 31. Nc1 {[%clk 0:07:57]} Kf7 {[%clk
0:34:08]} 32. e4 {[%clk 0:05:02]} g6 {[%clk 0:32:31]} 33. Nb3 {[%clk 0:04:42]}
Ke6 {[%clk 0:32:05]} 34. Rb7 {[%clk 0:03:08]} a5 {[%clk 0:30:06]} 35. Ke3 {[%clk
0:02:22]} f4+ {[%clk 0:29:37]} 36. gxf4 {[%clk 0:02:27]} exf4+ {[%clk 0:30:02]}
37. Kf3 {[%clk 0:02:41]} Ke5 {[%clk 0:29:36]} 38. Rb5 {[%clk 0:02:26]} Rd8 {[%clk
0:26:05]} 39. c6+ {[%clk 0:01:00]} Kf6 {[%clk 0:26:26]} 40. Ke2 {[%clk 0:30:47]}
Re8 {[%clk 0:54:45]} 41. Kf3 {[%clk 0:25:37]} Rd8 {[%clk 0:52:41]} 42. Nc5 {[%clk
0:19:27]} Rd6 {[%clk 0:45:37]} 43. e5+ {[%clk 0:16:43]} Kxe5 {[%clk 0:45:59]} 44.
Na6+ {[%clk 0:17:10]} Kd4 {[%clk 0:45:32]} 45. Nxc7 {[%clk 0:16:11]} Rxc6 {[%clk
0:45:58]} 46. Na8 {[%clk 0:11:30]} Rc2 {[%clk 0:42:59]} 47. Kxf4 {[%clk 0:10:46]}
Rxh2 {[%clk 0:42:55]} 48. Rxa5 {[%clk 0:10:44]} Rf2+ {[%clk 0:41:09]} 49. Kg5
{[%clk 0:07:57]} Rf5+ {[%clk 0:35:40]} 50. Rxf5 {[%clk 0:08:19]} gxf5 {[%clk
0:36:06]} 51. Nb6 {[%clk 0:07:33]} Kc5 {[%clk 0:35:16]} 52. a5 {[%clk 0:07:56]}
Kb5 {[%clk 0:35:42]} 53. Nc4 {[%clk 0:08:20]} Ka6 {[%clk 0:35:36]} 54. Kxf5
{[%clk 0:08:44]} Kb5 {[%clk 0:35:56]} 55. Kg5 {[%clk 0:09:08]} Ka6 {[%clk
0:36:19]} 56. Kh6 {[%clk 0:09:30]} Kb5 {[%clk 0:36:47]} 57. Kxh7 {[%clk 0:09:54]}
Ka6 {[%clk 0:37:15]} 58. Kg6 {[%clk 0:10:11]} Kb5 {[%clk 0:37:39]} 59. Kf5 {[%clk
0:09:58]} Ka6 {[%clk 0:37:59]} 60. Ke6 {[%clk 0:10:22]} Ka7 {[%clk 0:38:04]} 61.
Kd5 {[%clk 0:10:37]} Kb7 {[%clk 0:38:14]} 62. Kc5 {[%clk 0:11:02]} Ka6 {[%clk
0:38:39]} 63. Kb4 {[%clk 0:11:28]} Kb7 {[%clk 0:38:53]} 64. Kb5 {[%clk 0:11:51]}
Ka7 {[%clk 0:39:21]} 65. a6 {[%clk 0:11:59]} Ka8 {[%clk 0:39:30]} 66. Kb6 {[%clk
0:12:23]} Kb8 {[%clk 0:39:58]} 67. Na3 {[%clk 0:12:45]} Ka8 {[%clk 0:40:21]} 68.
Nb5 {[%clk 0:13:10]} Kb8 {[%clk 0:40:44]} 69. a7+ {[%clk 0:13:31]} Ka8 {[%clk
0:41:09]} 70. Nc7# {[%clk 0:13:55]} 1-0

[Event "Irena Warakomska Memorial B"]
[Site "Suwalki"]
[Date "2020.08.08"]
[Round "3"]
[White "Cwiek, Stefan"]
[Black "Szwaj, Jacek"]
[Result "0-1"]
[Board "13"]
[WhiteElo "1349"]
[WhiteCountry "POL"]
[WhiteFideId "21857628"]
[WhiteEloChange "-2"]
[BlackElo "1983"]
[BlackCountry "POL"]
[BlackFideId "1147919"]
[BlackEloChange "2"]

1. e4 {[%clk 1:30:58]} c5 {[%clk 1:30:07]} 2. c3 {[%clk 1:31:16]} Nf6 {[%clk
1:30:34]} 3. e5 {[%clk 1:31:12]} Nd5 {[%clk 1:31:00]} 4. d4 {[%clk 1:30:22]} cxd4
{[%clk 1:31:21]} 5. cxd4 {[%clk 1:30:20]} e6 {[%clk 1:31:22]} 6. Nf3 {[%clk
1:27:49]} d6 {[%clk 1:31:43]} 7. Bb5+ {[%clk 1:27:35]} Bd7 {[%clk 1:31:45]} 8.
Bxd7+ {[%clk 1:27:46]} Nxd7 {[%clk 1:31:44]} 9. exd6 {[%clk 1:27:59]} Bxd6 {[%clk
1:32:00]} 10. O-O {[%clk 1:28:15]} Rc8 {[%clk 1:30:53]} 11. Bd2 {[%clk 1:22:19]}
b5 {[%clk 1:29:36]} 12. Qb3 {[%clk 1:13:52]} a6 {[%clk 1:26:43]} 13. Be3 {[%clk
1:12:33]} O-O {[%clk 1:26:04]} 14. Nbd2 {[%clk 1:12:18]} N7b6 {[%clk 1:26:12]}
15. Ne4 {[%clk 1:07:52]} Nc4 {[%clk 1:23:54]} 16. Rfc1 {[%clk 1:06:47]} Qe7
{[%clk 1:17:27]} 17. Nfd2 {[%clk 1:04:48]} Nxd2 {[%clk 1:13:20]} 18. Nxd2 {[%clk
1:04:35]} Qf6 {[%clk 1:11:23]} 19. h3 {[%clk 1:02:25]} Bf4 {[%clk 1:10:44]} 20.
Nf3 {[%clk 0:54:07]} Qh6 {[%clk 1:10:38]} 21. Bxf4 {[%clk 0:53:41]} Nxf4 {[%clk
1:10:59]} 22. Kf1 {[%clk 0:47:09]} Rxc1+ {[%clk 1:10:11]} 23. Rxc1 {[%clk
0:47:29]} Nxg2 {[%clk 1:10:22]} 24. Rc6 {[%clk 0:47:14]} Qxh3 {[%clk 1:09:26]}
25. Ke2 {[%clk 0:47:15]} Nf4+ {[%clk 1:09:36]} 26. Kd2 {[%clk 0:47:27]} Qf1
{[%clk 1:09:25]} 27. Qe3 {[%clk 0:47:39]} Nd5 {[%clk 1:09:33]} 28. Qe1 {[%clk
0:47:45]} Qh3 {[%clk 1:07:17]} 29. Qe4 {[%clk 0:47:32]} Qh6+ {[%clk 1:07:26]} 30.
Kd1 {[%clk 0:47:24]} Qh1+ {[%clk 1:07:25]} 31. Kd2 {[%clk 0:46:51]} Qa1 {[%clk
1:07:28]} 32. Rxa6 {[%clk 0:45:44]} Qxb2+ {[%clk 1:07:45]} 33. Ke1 {[%clk
0:45:55]} Nc3 {[%clk 1:07:50]} 34. Qe3 {[%clk 0:45:52]} Qc2 {[%clk 1:06:45]} 35.
Kf1 {[%clk 0:45:29]} Nxa2 {[%clk 1:06:29]} 36. Kg2 {[%clk 0:45:24]} Nb4 {[%clk
1:03:56]} 37. Ra5 {[%clk 0:45:12]} Nd5 {[%clk 1:03:54]} 38. Qd2 {[%clk 0:45:19]}
Qg6+ {[%clk 1:03:38]} 39. Kf1 {[%clk 0:45:38]} b4 {[%clk 1:03:58]} 40. Ne5 {[%clk
1:15:30]} Qf5 {[%clk 1:33:26]} 41. Nc6 {[%clk 1:15:35]} Qh3+ {[%clk 1:33:14]} 42.
Ke2 {[%clk 1:15:42]} Nc3+ {[%clk 1:33:34]} 43. Qxc3 {[%clk 1:14:45]} Qxc3 {[%clk
1:33:43]} 44. Rc5 {[%clk 1:15:00]} Qb2+ {[%clk 1:33:51]} 45. Kd3 {[%clk 1:15:19]}
b3 {[%clk 1:33:22]} 46. Rc3 {[%clk 1:15:25]} Qxf2 {[%clk 1:33:28]} 47. Rxb3
{[%clk 1:15:47]} Qf3+ {[%clk 1:33:51]} 48. Kc2 {[%clk 1:16:02]} Qxc6+ {[%clk
1:34:16]} 49. Rc3 {[%clk 1:16:24]} Qxc3+ {[%clk 1:34:40]} 50. Kxc3 {[%clk
1:16:49]} h5 {[%clk 1:35:05]} 51. Kd3 {[%clk 1:17:16]} f5 {[%clk 1:35:25]} 52.
Ke3 {[%clk 1:17:41]} g5 {[%clk 1:35:51]} 53. Kf3 {[%clk 1:18:01]} Ra8 {[%clk
1:36:19]} 54. Kf2 {[%clk 1:18:20]} Ra3 {[%clk 1:36:45]} 55. Kg2 {[%clk 1:18:43]}
h4 {[%clk 1:37:14]} 56. Kh2 {[%clk 1:19:07]} g4 {[%clk 1:37:42]} 57. Kg2 {[%clk
1:19:29]} f4 {[%clk 1:38:11]} 58. Kf2 {[%clk 1:19:46]} Ra2+ {[%clk 1:38:39]} 59.
Ke1 {[%clk 1:20:05]} h3 {[%clk 1:38:59]} 60. d5 {[%clk 1:20:23]} h2 {[%clk
1:39:18]} 61. Kd1 {[%clk 1:20:49]} h1=R# {[%clk 1:39:41]} 0-1

[Event "Irena Warakomska Memorial B"]
[Site "Suwalki"]
[Date "2020.08.08"]
[Round "3"]
[White "Pietryk, Joanna"]
[Black "Rak, Tomasz"]
[Result "0-1"]
[Board "14"]
[WhiteElo "1313"]
[WhiteCountry "POL"]
[WhiteFideId "21881308"]
[WhiteEloChange "-2"]
[BlackElo "1882"]
[BlackCountry "POL"]
[BlackFideId "1133560"]
[BlackEloChange "2"]

1. e4 {[%clk 1:30:54]} c6 {[%clk 1:30:58]} 2. d4 {[%clk 1:31:09]} d5 {[%clk
1:31:27]} 3. e5 {[%clk 1:31:11]} Bf5 {[%clk 1:31:49]} 4. h4 {[%clk 1:30:19]} c5
{[%clk 1:30:41]} 5. dxc5 {[%clk 1:28:54]} Nc6 {[%clk 1:22:25]} 6. Bb5 {[%clk
1:20:32]} Qa5+ {[%clk 1:19:45]} 7. Nc3 {[%clk 1:19:46]} O-O-O {[%clk 1:17:53]} 8.
Bxc6 {[%clk 1:11:08]} bxc6 {[%clk 1:17:52]} 9. Be3 {[%clk 1:08:16]} f6 {[%clk
1:13:49]} 10. exf6 {[%clk 0:56:22]} gxf6 {[%clk 1:13:15]} 11. g4 {[%clk 0:44:01]}
Be4 {[%clk 1:11:26]} 12. f3 {[%clk 0:43:22]} d4 {[%clk 1:04:24]} 13. Bxd4 {[%clk
0:35:03]} e5 {[%clk 1:02:13]} 14. b4 {[%clk 0:26:56]} Qxb4 {[%clk 1:01:59]} 15.
Rb1 {[%clk 0:26:57]} Qa5 {[%clk 1:01:58]} 16. fxe4 {[%clk 0:18:14]} exd4 {[%clk
1:01:27]} 17. Ne2 {[%clk 0:16:37]} dxc3 {[%clk 0:59:32]} 18. Qc1 {[%clk 0:16:30]}
Bxc5 {[%clk 0:55:00]} 19. Qf4 {[%clk 0:14:55]} Bd6 {[%clk 0:54:52]} 20. Qf3
{[%clk 0:14:45]} Be5 {[%clk 0:52:57]} 21. g5 {[%clk 0:11:21]} Qc5 {[%clk
0:49:33]} 22. gxf6 {[%clk 0:08:39]} Nxf6 {[%clk 0:49:28]} 23. Qf5+ {[%clk
0:07:49]} Nd7 {[%clk 0:49:13]} 24. Rh3 {[%clk 0:06:18]} Rhf8 {[%clk 0:48:34]} 0-1

[Event "Irena Warakomska Memorial B"]
[Site "Suwalki"]
[Date "2020.08.08"]
[Round "3"]
[White "Szewczyk, Malwina"]
[Black "Milewski, Karol"]
[Result "0-1"]
[Board "15"]
[WhiteElo "1323"]
[WhiteCountry "POL"]
[WhiteFideId "21801649"]
[WhiteEloChange "-2"]
[BlackElo "1795"]
[BlackCountry "POL"]
[BlackFideId "1143085"]
[BlackEloChange "2"]

1. d4 {[%clk 1:30:30]} Nf6 {[%clk 1:30:30]} 2. e3 {[%clk 1:30:30]} e6 {[%clk
1:30:30]} 3. Bd3 {[%clk 1:30:30]} d5 {[%clk 1:30:30]} 4. Nf3 {[%clk 1:30:30]}
Nbd7 {[%clk 1:30:30]} 5. b3 {[%clk 1:30:30]} Bd6 {[%clk 1:30:30]} 6. Bb2 {[%clk
1:30:30]} O-O {[%clk 1:30:30]} 7. Nbd2 {[%clk 1:30:30]} b6 {[%clk 1:30:30]} 8.
O-O {[%clk 1:30:30]} Bb7 {[%clk 1:30:30]} 9. Ne5 {[%clk 1:30:30]} Ne4 {[%clk
1:30:30]} 10. f4 {[%clk 1:30:30]} f5 {[%clk 1:30:30]} 11. Rf3 {[%clk 1:30:30]}
Ndf6 {[%clk 1:30:30]} 12. Bxe4 {[%clk 1:30:30]} dxe4 {[%clk 1:30:30]} 13. Rh3
{[%clk 1:30:30]} Bxe5 {[%clk 1:30:30]} 14. dxe5 {[%clk 1:30:30]} Ng4 {[%clk
1:30:30]} 15. Qe2 {[%clk 1:30:30]} Qe7 {[%clk 1:30:30]} 16. a4 {[%clk 1:30:30]}
Rfd8 {[%clk 1:30:30]} 17. Rd1 {[%clk 1:30:30]} Rd7 {[%clk 1:30:30]} 18. Rf1
{[%clk 1:30:30]} Rad8 {[%clk 1:30:30]} 19. Bc1 {[%clk 1:30:30]} Qb4 {[%clk
1:30:30]} 20. Qe1 {[%clk 1:30:30]} Rxd2 {[%clk 1:30:30]} 21. Bxd2 {[%clk
1:30:30]} Qxd2 {[%clk 1:30:30]} 22. Qh4 {[%clk 1:30:30]} h6 {[%clk 1:30:30]} 23.
c4 {[%clk 1:30:30]} Nxe3 {[%clk 1:30:30]} 24. Rg3 {[%clk 1:30:30]} Ng4 {[%clk
1:30:30]} 25. h3 {[%clk 1:30:30]} e3 {[%clk 1:30:30]} 26. hxg4 {[%clk 1:30:30]}
e2 {[%clk 1:30:30]} 27. Rb1 {[%clk 1:30:30]} e1=Q+ {[%clk 1:30:30]} 28. Rxe1
{[%clk 1:30:30]} Qxe1+ {[%clk 1:30:30]} 29. Kh2 {[%clk 1:30:30]} Rd1 {[%clk
1:30:30]} 30. Rh3 {[%clk 1:30:30]} Qh1+ {[%clk 1:30:30]} 31. Kg3 {[%clk 1:30:30]}
Qxg2# {[%clk 1:30:30]} 0-1

[Event "Irena Warakomska Memorial B"]
[Site "Suwalki"]
[Date "2020.08.08"]
[Round "3"]
[White "Kasperczyk, Szymon"]
[Black "Borowik, Monika"]
[Result "1-0"]
[Board "16"]
[WhiteElo "1711"]
[WhiteCountry "POL"]
[WhiteFideId "21830231"]
[WhiteEloChange "2"]
[BlackElo "1348"]
[BlackCountry "POL"]
[BlackFideId "21845123"]
[BlackEloChange "-2"]

1. d4 {[%clk 1:30:30]} Nf6 {[%clk 1:30:30]} 2. c4 {[%clk 1:30:30]} g6 {[%clk
1:30:30]} 3. Nc3 {[%clk 1:30:30]} Bg7 {[%clk 1:30:30]} 4. e4 {[%clk 1:30:30]} d6
{[%clk 1:30:30]} 5. Be2 {[%clk 1:30:30]} O-O {[%clk 1:30:30]} 6. Bg5 {[%clk
1:30:30]} Nbd7 {[%clk 1:30:30]} 7. Nf3 {[%clk 1:30:30]} e5 {[%clk 1:30:30]} 8. d5
{[%clk 1:30:30]} h6 {[%clk 1:30:30]} 9. Be3 {[%clk 1:30:30]} Ng4 {[%clk 1:30:30]}
10. Bd2 {[%clk 1:30:30]} f5 {[%clk 1:30:30]} 11. h3 {[%clk 1:30:30]} Ngf6 {[%clk
1:30:30]} 12. exf5 {[%clk 1:30:30]} gxf5 {[%clk 1:30:30]} 13. Qc1 {[%clk
1:30:30]} Kh7 {[%clk 1:30:30]} 14. Qc2 {[%clk 1:30:30]} Nc5 {[%clk 1:30:30]} 15.
b4 {[%clk 1:30:30]} Na6 {[%clk 1:30:30]} 16. Rb1 {[%clk 1:30:30]} Kh8 {[%clk
1:30:30]} 17. Nh4 {[%clk 1:30:30]} Rf7 {[%clk 1:30:30]} 18. Nxf5 {[%clk 1:30:30]}
Bxf5 {[%clk 1:30:30]} 19. Qxf5 {[%clk 1:30:30]} Qg8 {[%clk 1:30:30]} 20. Qg6
{[%clk 1:30:30]} Qf8 {[%clk 1:30:30]} 21. Bd3 {[%clk 1:30:30]} Re8 {[%clk
1:30:30]} 22. Ne4 {[%clk 1:30:30]} Nh7 {[%clk 1:30:30]} 23. Nxd6 {[%clk 1:30:30]}
e4 {[%clk 1:30:30]} 24. Nxf7+ {[%clk 1:30:30]} Kg8 {[%clk 1:30:30]} 25. Nxh6+
{[%clk 1:30:30]} Kh8 {[%clk 1:30:30]} 26. Bxe4 {[%clk 1:30:30]} Rxe4+ {[%clk
1:30:30]} 27. Qxe4 {[%clk 1:30:30]} Bxh6 {[%clk 1:30:30]} 28. Bxh6 {[%clk
1:30:30]} Qxh6 {[%clk 1:30:30]} 29. Qe8+ {[%clk 1:30:30]} Nf8 {[%clk 1:30:30]}
30. O-O {[%clk 1:30:30]} Kh7 {[%clk 1:30:30]} 31. Rbe1 {[%clk 1:30:30]} Ng6
{[%clk 1:30:30]} 32. Re6 {[%clk 1:30:30]} c6 {[%clk 1:30:30]} 33. dxc6 {[%clk
1:30:30]} Nc7 {[%clk 1:30:30]} 34. Qxg6+ {[%clk 1:30:30]} Qxg6 {[%clk 1:30:30]}
35. Rxg6 {[%clk 1:30:30]} Kxg6 {[%clk 1:30:30]} 36. cxb7 {[%clk 1:30:30]} Na6
{[%clk 1:30:30]} 37. b5 {[%clk 1:30:30]} Nb8 {[%clk 1:30:30]} 38. Rd1 {[%clk
1:30:30]} a6 {[%clk 1:30:30]} 39. bxa6 {[%clk 1:30:30]} Nxa6 {[%clk 1:30:30]} 40.
Rd6+ {[%clk 1:30:30]} Kf7 {[%clk 1:30:30]} 41. Rxa6 {[%clk 1:30:30]} Ke7 {[%clk
1:30:30]} 42. b8=Q {[%clk 1:30:30]} Kf7 {[%clk 1:30:30]} 43. Qc7+ {[%clk
1:30:30]} Kg8 {[%clk 1:30:30]} 44. Ra8# {[%clk 1:30:30]} 1-0

[Event "Irena Warakomska Memorial B"]
[Site "Suwalki"]
[Date "2020.08.08"]
[Round "3"]
[White "Siekanska, Zuzanna"]
[Black "Gladyszewska, Kinga"]
[Result "1/2-1/2"]
[Board "17"]
[WhiteElo "1633"]
[WhiteCountry "POL"]
[WhiteFideId "21852537"]
[WhiteEloChange "-7"]
[BlackElo "1298"]
[BlackCountry "POL"]
[BlackFideId "21881677"]
[BlackEloChange "7"]

1. d4 {[%clk 1:30:30]} d5 {[%clk 1:30:30]} 2. c4 {[%clk 1:30:30]} e6 {[%clk
1:30:30]} 3. Nc3 {[%clk 1:30:30]} Nf6 {[%clk 1:30:30]} 4. cxd5 {[%clk 1:30:30]}
exd5 {[%clk 1:30:30]} 5. Bg5 {[%clk 1:30:30]} Be6 {[%clk 1:30:30]} 6. e3 {[%clk
1:30:30]} h6 {[%clk 1:30:30]} 7. Bh4 {[%clk 1:30:30]} Bd6 {[%clk 1:30:30]} 8. Bd3
{[%clk 1:30:30]} O-O {[%clk 1:30:30]} 9. Nf3 {[%clk 1:30:30]} Nbd7 {[%clk
1:30:30]} 10. Qc2 {[%clk 1:30:30]} c6 {[%clk 1:30:30]} 11. O-O {[%clk 1:30:30]}
Qc7 {[%clk 1:30:30]} 12. Bg3 {[%clk 1:30:30]} Bxg3 {[%clk 1:30:30]} 13. hxg3
{[%clk 1:30:30]} Rac8 {[%clk 1:30:30]} 14. Rac1 {[%clk 1:30:30]} Qd8 {[%clk
1:30:30]} 15. Nh4 {[%clk 1:30:30]} Nb6 {[%clk 1:30:30]} 16. Ne2 {[%clk 1:30:30]}
Bg4 {[%clk 1:30:30]} 17. f3 {[%clk 1:30:30]} Bd7 {[%clk 1:30:30]} 18. Qd2 {[%clk
1:30:30]} Qe7 {[%clk 1:30:30]} 19. Kf2 {[%clk 1:30:30]} Rfe8 {[%clk 1:30:30]} 20.
b3 {[%clk 1:30:30]} Qd6 {[%clk 1:30:30]} 21. Rh1 {[%clk 1:30:30]} Re7 {[%clk
1:30:30]} 22. Bb1 {[%clk 1:30:30]} Rce8 {[%clk 1:30:30]} 23. Rc3 {[%clk 1:30:30]}
Qb4 {[%clk 1:30:30]} 24. Qc1 {[%clk 1:30:30]} Nc8 {[%clk 1:30:30]} 25. a3 {[%clk
1:30:30]} Qb6 {[%clk 1:30:30]} 26. Nf5 {[%clk 1:30:30]} Bxf5 {[%clk 1:30:30]} 27.
Bxf5 {[%clk 1:30:30]} Nd6 {[%clk 1:30:30]} 28. Bb1 {[%clk 1:30:30]} Nb5 {[%clk
1:30:30]} 29. Rd3 {[%clk 1:30:30]} Nd6 {[%clk 1:30:30]} 30. Rc3 {[%clk 1:30:30]}
Nb5 {[%clk 1:30:30]} 31. Rd3 {[%clk 1:30:30]} Nd6 {[%clk 1:30:30]} 32. g4 {[%clk
1:30:30]} Nh7 {[%clk 1:30:30]} 33. Rc3 {[%clk 1:30:30]} Ng5 {[%clk 1:30:30]} 34.
Rh5 {[%clk 1:30:30]} Nb5 {[%clk 1:30:30]} 35. Rd3 {[%clk 1:30:30]} Qc7 {[%clk
1:30:30]} 36. Ng3 {[%clk 1:30:30]} Nd6 {[%clk 1:30:30]} 37. a4 {[%clk 1:30:30]}
Qd7 {[%clk 1:30:30]} 38. Rc3 {[%clk 1:30:30]} Re6 {[%clk 1:30:30]} 39. Qc2 {[%clk
1:30:30]} Qe7 {[%clk 1:30:30]} 40. Qc1 {[%clk 1:30:30]} Qf6 {[%clk 1:30:30]} 41.
Bf5 {[%clk 1:30:30]} R6e7 {[%clk 1:30:30]} 42. Rh1 {[%clk 1:30:30]} Nxf5 {[%clk
1:30:30]} 43. Nxf5 {[%clk 1:30:30]} Re6 {[%clk 1:30:30]} 44. b4 {[%clk 1:30:30]}
a6 {[%clk 1:30:30]} 45. Rc5 {[%clk 1:30:30]} Ra8 {[%clk 1:30:30]} 46. Ng3 {[%clk
1:30:30]} 1/2-1/2

[Event "Irena Warakomska Memorial B"]
[Site "Suwalki"]
[Date "2020.08.08"]
[Round "3"]
[White "Pieczulis, Blazej"]
[Black "Jaszczuk, Piotr"]
[Result "1-0"]
[Board "18"]
[WhiteElo "1595"]
[WhiteCountry "POL"]
[WhiteFideId "21840970"]
[WhiteEloChange "3"]
[BlackElo "1283"]
[BlackCountry "POL"]
[BlackFideId "21890668"]
[BlackEloChange "-3"]

1. d4 {[%clk 1:30:30]} Nf6 {[%clk 1:30:30]} 2. c4 {[%clk 1:30:30]} e6 {[%clk
1:30:30]} 3. Nc3 {[%clk 1:30:30]} Bb4 {[%clk 1:30:30]} 4. Qc2 {[%clk 1:30:30]} b6
{[%clk 1:30:30]} 5. Bg5 {[%clk 1:30:30]} Bb7 {[%clk 1:30:30]} 6. f3 {[%clk
1:30:30]} h6 {[%clk 1:30:30]} 7. Bh4 {[%clk 1:30:30]} g5 {[%clk 1:30:30]} 8. Bf2
{[%clk 1:30:30]} Bxc3+ {[%clk 1:30:30]} 9. bxc3 {[%clk 1:30:30]} d6 {[%clk
1:30:30]} 10. e4 {[%clk 1:30:30]} Nbd7 {[%clk 1:30:30]} 11. Bd3 {[%clk 1:30:30]}
e5 {[%clk 1:30:30]} 12. Ne2 {[%clk 1:30:30]} Qe7 {[%clk 1:30:30]} 13. Ng3 {[%clk
1:30:30]} O-O-O {[%clk 1:30:30]} 14. O-O-O {[%clk 1:30:30]} Nf8 {[%clk 1:30:30]}
15. Nf5 {[%clk 1:30:30]} Qe8 {[%clk 1:30:30]} 16. h4 {[%clk 1:30:30]} Ng6 {[%clk
1:30:30]} 17. hxg5 {[%clk 1:30:30]} hxg5 {[%clk 1:30:30]} 18. Rdg1 {[%clk
1:30:30]} Kb8 {[%clk 1:30:30]} 19. Be3 {[%clk 1:30:30]} Nf4 {[%clk 1:30:30]} 20.
d5 {[%clk 1:30:30]} Bc8 {[%clk 1:30:30]} 21. g3 {[%clk 1:30:30]} Nxd3+ {[%clk
1:30:30]} 22. Qxd3 {[%clk 1:30:30]} Bxf5 {[%clk 1:30:30]} 23. Bxg5 {[%clk
1:30:30]} Qe7 {[%clk 1:30:30]} 24. exf5 {[%clk 1:30:30]} Rde8 {[%clk 1:30:30]}
25. Rh4 {[%clk 1:30:30]} Rhg8 {[%clk 1:30:30]} 26. Qd2 {[%clk 1:30:30]} Ne4
{[%clk 1:30:30]} 27. Bxe7 {[%clk 1:30:30]} Nxd2 {[%clk 1:30:30]} 28. Kxd2 {[%clk
1:30:30]} Rxe7 {[%clk 1:30:30]} 29. Ke3 {[%clk 1:30:30]} Kc8 {[%clk 1:30:30]} 30.
g4 {[%clk 1:30:30]} f6 {[%clk 1:30:30]} 31. Rh6 {[%clk 1:30:30]} Rf7 {[%clk
1:30:30]} 32. Rgh1 {[%clk 1:30:30]} Kb7 {[%clk 1:30:30]} 33. Ke4 {[%clk 1:30:30]}
c6 {[%clk 1:30:30]} 34. Rg6 {[%clk 1:30:30]} Rff8 {[%clk 1:30:30]} 35. Rhh6
{[%clk 1:30:30]} c5 {[%clk 1:30:30]} 36. g5 {[%clk 1:30:30]} fxg5 {[%clk
1:30:30]} 37. f6 {[%clk 1:30:30]} Kc8 {[%clk 1:30:30]} 38. Kf5 {[%clk 1:30:30]}
Kd7 {[%clk 1:30:30]} 39. Kxg5 {[%clk 1:30:30]} Ke8 {[%clk 1:30:30]} 40. Rg7
{[%clk 1:30:30]} a6 {[%clk 1:30:30]} 41. a4 {[%clk 1:30:30]} a5 {[%clk 1:30:30]}
1-0

[Event "Irena Warakomska Memorial B"]
[Site "Suwalki"]
[Date "2020.08.08"]
[Round "3"]
[White "Krzyszkowiak, Bozena"]
[Black "Kaznowska, Weronika"]
[Result "0-1"]
[Board "19"]
[WhiteElo "1287"]
[WhiteCountry "POL"]
[WhiteFideId "21829101"]
[WhiteEloChange "-3"]
[BlackElo "1594"]
[BlackCountry "POL"]
[BlackFideId "21816719"]
[BlackEloChange "3"]

1. e4 {[%clk 1:30:30]} g6 {[%clk 1:30:30]} 2. Nf3 {[%clk 1:30:30]} Bg7 {[%clk
1:30:30]} 3. Bc4 {[%clk 1:30:30]} c6 {[%clk 1:30:30]} 4. c3 {[%clk 1:30:30]} d5
{[%clk 1:30:30]} 5. exd5 {[%clk 1:30:30]} cxd5 {[%clk 1:30:30]} 6. Be2 {[%clk
1:30:30]} Nc6 {[%clk 1:30:30]} 7. d4 {[%clk 1:30:30]} Bg4 {[%clk 1:30:30]} 8. O-O
{[%clk 1:30:30]} Bxf3 {[%clk 1:30:30]} 9. Bxf3 {[%clk 1:30:30]} e6 {[%clk
1:30:30]} 10. Nd2 {[%clk 1:30:30]} Nge7 {[%clk 1:30:30]} 11. Be2 {[%clk 1:30:30]}
O-O {[%clk 1:30:30]} 12. Nf3 {[%clk 1:30:30]} Nf5 {[%clk 1:30:30]} 13. h3 {[%clk
1:30:30]} a6 {[%clk 1:30:30]} 14. b4 {[%clk 1:30:30]} Nd6 {[%clk 1:30:30]} 15. a3
{[%clk 1:30:30]} Rc8 {[%clk 1:30:30]} 16. Bb2 {[%clk 1:30:30]} Qb6 {[%clk
1:30:30]} 17. Nd2 {[%clk 1:30:30]} Rfd8 {[%clk 1:30:30]} 18. Nb3 {[%clk 1:30:30]}
Ne4 {[%clk 1:30:30]} 19. f3 {[%clk 1:30:30]} Ng3 {[%clk 1:30:30]} 20. Re1 {[%clk
1:30:30]} e5 {[%clk 1:30:30]} 21. Kh2 {[%clk 1:30:30]} Nf5 {[%clk 1:30:30]} 22.
g4 {[%clk 1:30:30]} Nh4 {[%clk 1:30:30]} 23. Bc1 {[%clk 1:30:30]} h6 {[%clk
1:30:30]} 24. Be3 {[%clk 1:30:30]} Qc7 {[%clk 1:30:30]} 25. Bf2 {[%clk 1:30:30]}
exd4+ {[%clk 1:30:30]} 26. Kh1 {[%clk 1:30:30]} g5 {[%clk 1:30:30]} 27. cxd4
{[%clk 1:30:30]} Ng6 {[%clk 1:30:30]} 28. Rg1 {[%clk 1:30:30]} Re8 {[%clk
1:30:30]} 29. Rc1 {[%clk 1:30:30]} Qf4 {[%clk 1:30:30]} 30. Qd3 {[%clk 1:30:30]}
Re7 {[%clk 1:30:30]} 31. Bg3 {[%clk 1:30:30]} Qe3 {[%clk 1:30:30]} 32. Qxe3
{[%clk 1:30:30]} Rxe3 {[%clk 1:30:30]} 33. Bd1 {[%clk 1:30:30]} Rce8 {[%clk
1:30:30]} 34. Rxc6 {[%clk 1:30:30]} bxc6 {[%clk 1:30:30]} 35. Bf2 {[%clk
1:30:30]} Rd3 {[%clk 1:30:30]} 36. Bc2 {[%clk 1:30:30]} Rxf3 {[%clk 1:30:30]} 37.
Kg2 {[%clk 1:30:30]} Rc3 {[%clk 1:30:30]} 38. Bd1 {[%clk 1:30:30]} Nf4+ {[%clk
1:30:30]} 39. Kf1 {[%clk 1:30:30]} Nxh3 {[%clk 1:30:30]} 40. Rg3 {[%clk 1:30:30]}
Rxg3 {[%clk 1:30:30]} 41. Bxg3 {[%clk 1:30:30]} Re3 {[%clk 1:30:30]} 42. Bd6
{[%clk 1:30:30]} Bf8 {[%clk 1:30:30]} 43. Be5 {[%clk 1:30:30]} Nf4 {[%clk
1:30:30]} 44. Bc7 {[%clk 1:30:30]} Ne6 {[%clk 1:30:30]} 45. Be5 {[%clk 1:30:30]}
Bg7 {[%clk 1:30:30]} 46. Kf2 {[%clk 1:30:30]} Rc3 {[%clk 1:30:30]} 47. Bxg7
{[%clk 1:30:30]} Kxg7 {[%clk 1:30:30]} 48. Ke2 {[%clk 1:30:30]} Rxb3 {[%clk
1:30:30]} 49. Bxb3 {[%clk 1:30:30]} Nxd4+ {[%clk 1:30:30]} 50. Kd3 {[%clk
1:30:30]} Nxb3 {[%clk 1:30:30]} 51. Kc3 {[%clk 1:30:30]} Nc1 {[%clk 1:30:30]} 52.
Kd2 {[%clk 1:30:30]} Na2 {[%clk 1:30:30]} 53. Kc2 {[%clk 1:30:30]} f5 {[%clk
1:30:30]} 54. gxf5 {[%clk 1:30:30]} g4 {[%clk 1:30:30]} 55. Kb2 {[%clk 1:30:30]}
Nxb4 {[%clk 1:30:30]} 0-1